=LDR 00000nam 2200000 4500 =001 INLIS000000000036988 =005 20130612142736 =008 ***********************************Ind** =035 ##$$0010-061300000036988 =041 ##$$a Ind =082 ##$$a 813 =090 ##$$a 813, Mad e =100 ##$$a Madasari, Okky =245 ##$$a Entrok, Okky Madasari =260 ##$$a 2010 $b Jakarta =300 ##$$a 282 hlm, 21 cm =650 ##$$a Fiksi Indonesia =850 ##$$a NBPNMAT =990 ##$$a 0001/BPAP-NTB/20142014 =990 ##$$a 0001/BPAP-NTB/20142015 =990 ##$$a 0001/BPAP-NTB/2016